[Event "FIDE Womens GP Lausanne 2020"]
[Site "Lausanne"]
[Date "2020.03.05"]
[Round "4.5"]
[White "Goryachkina, Aleksandra"]
[Black "Stefanova, Antoaneta"]
[Result "1-0"]
[WhiteElo "2579"]
[BlackElo "2469"]
[Annotator "TA"]
[PlyCount "95"]
[EventDate "2020.03.02"]
[EventType "tourn"]
[EventCountry "SUI"]
[SourceTitle "playchess.com"]
[Source "ChessBase"]
[SourceQuality "1"]

{[%evp 11,95,22,35,45,56,44,66,34,40,0,0,0,0,0,20,0,36,33,32,12,36,20,14,21,27,27,29,36,12,16,13,13,15,18,61,36,196,183,258,247,265,267,257,247,250,242,312,327,361,349,382,360,748,747,670,702,699,670,29963,29963,6590,6230,29973,29974,29974,29975,29976,29977,29977,29978,29976,29979,29979,29980,29980,29981,29981,29982,29985,29986,29986,29987,29990,29991,29991,29992]} 1. Nf3 g6 2. e4 d6 3. d4 Nf6 4. Nc3 Bg7 5. Be3 O-O 6. Qd2 a6 7. Bh6 {B08: Pirc Defence: Classical System.} c5 8. Bxg7 Kxg7 {[#]} 9. dxc5 $146 {White is slightly better.} (9. O-O-O {looks sharper.} cxd4 10. Nxd4 Qa5 11. f3 Nc6 12. Nb3) ({Predecessor:} 9. h4 h5 10. O-O-O Nc6 11. d5 Na7 12. Ng5 b5 13. Ne2 b4 14. Kb1 Nb5 15. f3 {0-1 (37) Gabrielian,A (2499)-Kobo,O (2494) St Petersburg 2018}) 9... dxc5 10. Qxd8 (10. Qe3 {seems wilder.} Bg4 11. Qxc5 Bxf3 12. gxf3 Nc6 13. f4) 10... Rxd8 11. e5 Nfd7 12. O-O-O {Black must now prevent e6.} Nc6 13. Bc4 Nb6 (13... b5 $5 {[%cal Rb5c4]} 14. Bd5 Bb7 $11) 14. Rxd8 Nxd8 15. Rd1 Bd7 16. Ng5 Bc6 17. Bf1 h6 18. Nge4 $36 {[%mdl 2048] White is more active.} Ne6 19. g3 f5 20. exf6+ exf6 21. a4 f5 22. a5 Nd7 ({Much weaker is} 22... Bxe4 23. Nxe4 fxe4 24. axb6 $16) 23. Nd6 Ne5 $2 {[#] Black cannot hold the game after this.} (23... Rd8 $14) 24. f4 $1 $18 {[%cal Rf4e5]} Ng4 {[#]} (24... Nf7 $142) 25. Nxb7 $1 {[%mdl 512]} Ne3 (25... Bxb7 26. Rd7+) 26. Re1 Nxf1 27. Rxe6 Bxb7 28. Re7+ {[%mdl 64] Double Attack} Kg8 {...Bf3 is the strong threat.} 29. Rxb7 Nxh2 {[%mdl 4096] Endgame KRN-KRN} 30. Nd5 Nf1 31. Nc7 Rf8 $2 (31... Rc8 32. Nxa6 Nxg3) 32. Nxa6 Nxg3 33. Nxc5 h5 34. a6 {And now a7 would win.} h4 {aiming for ...h3.} 35. a7 h3 36. Nd3 Ne4 37. Rb8 {White mates.} h2 38. Rxf8+ Kxf8 39. a8=Q+ Kg7 40. Qxe4 {[%mdl 64] Remove Defender} fxe4 {KN-K3P} 41. Nf2 e3 42. Nh1 Kf6 43. b4 Kf5 44. b5 Kxf4 45. b6 Kf3 46. b7 Kg2 47. b8=Q Kxh1 {[#]} 48. Qg3 $1 {[%mdl 64] Double Attack. Accuracy: White = 95%, Black = 50%.} 1-0

[Event "FIDE Womens GP Lausanne 2020"]
[Site "Lausanne"]
[Date "2020.03.05"]
[Round "4.6"]
[White "Kosteniuk, Alexandra"]
[Black "Abdumalik, Zhansaya"]
[Result "0-1"]
[WhiteElo "2504"]
[BlackElo "2471"]
[Annotator "TA"]
[PlyCount "74"]
[EventDate "2020.03.02"]
[EventType "tourn"]
[EventCountry "SUI"]
[SourceTitle "playchess.com"]
[Source "ChessBase"]
[SourceQuality "1"]

{[%evp 15,74,18,26,27,26,6,12,13,10,13,13,37,28,11,10,10,17,4,14,-8,8,-21,26,-5,0,-59,-43,-76,-36,-116,-66,-55,-53,-83,-24,-73,-39,-81,-81,-128,-128,-128,-72,-80,-76,-107,-109,-112,-107,-112,-121,-306,-318,-508,-499,-497,-467,-2540,-2469,-29972,-29970]} 1. e4 e5 2. Nf3 Nc6 3. Bb5 a6 4. Ba4 Nf6 5. O-O Be7 6. d3 b5 7. Bb3 d6 8. a4 {8.a3 is the hot move. Played by Alireza Firouzja in February 2020.} Bd7 9. c3 {C84: Closed Ruy Lopez: Unusual White 6th moves.} O-O 10. Re1 Na5 11. Bc2 {The position is equal.} c5 12. Nbd2 {[%cal Bb1d2,Bd2f1,Bf1e3][%mdl 32]} Qb6 13. Nf1 b4 14. Ne3 {[#]} Rac8 $146 ({Predecessor:} 14... Rfe8 15. d4 cxd4 16. cxd4 b3 17. Bb1 exd4 18. Nxd4 Bf8 19. Nef5 d5 20. e5 Ne4 21. Bxe4 dxe4 22. Rxe4 {0-1 (33) Efimenko,Z (2604)-Sjugirov,S (2662) Douglas 2019}) 15. h3 Rfe8 16. Nd2 Be6 17. Qe2 Bf8 18. Qf3 Qb7 19. g4 h6 20. Kh2 (20. Ndc4 $11 Qc7 21. Bd2) 20... d5 $15 21. Nf5 Nh7 22. Qg2 (22. exd5 $15 Bxd5 23. Qg3) 22... dxe4 23. Nxe4 {Black should prevent Nfd6.} Qd7 24. Rg1 Kh8 ({Black should try} 24... Nb3 $17 25. Rb1 Nxc1 26. Rbxc1 Red8) 25. Qg3 Nb3 (25... Bb3 $5 {[%cal Rb3c2]} 26. Bb1 Bd5 $15) 26. Bxb3 Bxb3 27. f4 {[#]} Rcd8 $1 28. cxb4 cxb4 (28... exf4 $142 29. Bxf4 cxb4) 29. fxe5 $17 Qxd3 30. Qxd3 Rxd3 31. Bf4 {[#]} Ng5 $1 {[%mdl 512]} 32. Nxg5 hxg5 33. Bg3 $2 {This move loses the game for White.} (33. Rg3 $17 {was necessary.} Rxg3 34. Bxg3) 33... Rc8 $19 34. Rg2 (34. Rgc1 $142 Rd2+ {[%mdl 64] Double Attack} 35. Kg1 Bc5+ 36. Kf1 Rxb2 37. Ne7) 34... Bd5 35. Re2 b3 {...Rc2 is the strong threat.} 36. Rf1 (36. Be1 $142 Rc2 37. Rxc2 bxc2 38. Rc1) 36... Rc2 37. Rff2 {[#]} Rd1 $1 {[%mdl 512] Accuracy: White = 37%, Black = 76%.} 0-1

[Event "FIDE Womens GP Lausanne 2020"]
[Site "Lausanne"]
[Date "2020.03.06"]
[Round "5.1"]
[White "Abdumalik, Zhansaya"]
[Black "Kashlinskaya, Alina"]
[Result "1/2-1/2"]
[WhiteElo "2471"]
[BlackElo "2484"]
[Annotator "TA"]
[PlyCount "101"]
[EventDate "2020.03.02"]
[EventType "tourn"]
[EventCountry "SUI"]
[SourceTitle "playchess.com"]
[Source "ChessBase"]
[SourceQuality "1"]

{[%evp 12,101,0,0,-5,-9,0,0,-6,-6,-6,-8,-7,8,-10,-4,0,0,0,0,0,0,0,-3,8,-45,-37,-124,-102,-107,-82,-78,-51,-61,-16,-14,-23,-29,-20,-90,-87,-84,-62,-70,21,27,18,20,21,0,0,12,8,0,8,0,8,0,13,8,17,12,20,28,29,29,53,60,67,77,58,65,108,108,108,20,20,20,20,20,19,0,0,0,0,0,0,0,0,0,0,0]} 1. e4 e5 2. Nf3 Nf6 3. d4 Nxe4 4. Bd3 d5 5. Nxe5 Nd7 6. Nc3 Nxe5 {6...Nxe5 scores better than 6...Nxc3.} 7. dxe5 Bb4 {C43: Petroff Defence: 3 d4.} 8. O-O Nxc3 9. bxc3 Bxc3 {[%mdl 64] Double Attack} 10. Rb1 O-O (10... Bxe5 $2 11. Re1 $18) 11. Bxh7+ {[%mdl 64] Decoy} Kxh7 12. Qd3+ {[%mdl 64] Double Attack} Kg8 13. Qxc3 {[#]} a5 $146 ({Predecessor:} 13... b6 14. Qg3 Qd7 15. Rb4 Qf5 16. Rh4 Re8 17. f4 Re6 18. Qf3 Qe4 19. Qxe4 dxe4 {0-1 (28) Anand,V (2765)-Wang,H (2726) Douglas 2019}) 14. f4 {And now f5 would win.} d4 $36 {[%mdl 2048] White is under pressure.} 15. Qd3 Re8 $1 16. Bd2 Ra6 17. Rb5 g6 18. f5 (18. Qg3 $11) 18... Bxf5 $15 19. Qf3 (19. Qg3 $1 $15 Qd7 20. Rxb7) 19... Rc6 $1 $17 {[%cal Rc6c2]} 20. Rd5 Qe7 21. Qg3 Rxc2 22. Bg5 $1 {[%cal Rg5e7]} Qe6 23. Rxd4 {Threatens to win with Bf6.} Qb6 ({But not} 23... Qxe5 $2 24. Qxe5 Rxe5 25. Bf6 $18) (23... Rxa2 $2 24. Bf6 $18) 24. Be3 {Black must now prevent Rxf5.} Rc3 25. Qg5 {[#]} ({Don't blunder} 25. Rxf5 $2 Qxd4 $3 {[%mdl 512]} 26. Bxd4 Rxg3 $19) (25. Rfd1 $11) 25... f6 $1 {[%cal Rf6g5][%mdl 512]} 26. Qh6 {[#]} (26. exf6 Rcxe3) 26... Rxe3 $1 {[%mdl 512]} 27. Qxe3 Rxe5 ({Better is} 27... fxe5 $15 28. Re1 Qxd4 29. Qxd4 exd4 30. Rxe8+ Kf7) 28. Rd8+ $11 Kf7 29. Qxb6 cxb6 {[%mdl 4096] Endgame KRR-KRB} 30. Rc1 Ke7 31. Rd2 Be4 32. Kf2 b5 33. a3 f5 34. Rd4 Bc6 35. g3 Ke6 36. Rc2 Rd5 37. Re2+ Kd6 38. Ke3 Kc5 39. Rc2+ $1 Kd6 $1 40. Kd3 Ke5 41. Re2+ Kd6 42. Rxd5+ Kxd5 $16 {KR-KB} 43. Kc3 ({White should try} 43. Re7 $16) 43... b4+ $1 $11 {The position is equal.} 44. axb4 axb4+ 45. Kxb4 {Threatening Kc3.} Kd4 $1 46. Re6 g5 47. h4 gxh4 48. gxh4 {h5 is the strong threat.} f4 49. h5 f3 50. h6 {Threatening mate with h7.} Be4 51. Rxe4+ {Accuracy: White = 84%, Black = 85%.} 1/2-1/2

[Event "FIDE Womens GP Lausanne 2020"]
[Site "Lausanne"]
[Date "2020.03.06"]
[Round "5.2"]
[White "Stefanova, Antoaneta"]
[Black "Kosteniuk, Alexandra"]
[Result "1/2-1/2"]
[WhiteElo "2469"]
[BlackElo "2504"]
[Annotator "TA"]
[PlyCount "95"]
[EventDate "2020.03.02"]
[EventType "tourn"]
[EventCountry "SUI"]
[SourceTitle "playchess.com"]
[Source "ChessBase"]
[SourceQuality "1"]

{[%evp 9,95,6,18,23,15,9,27,27,28,35,52,33,35,38,26,46,64,8,53,8,75,45,53,54,49,22,88,84,78,81,137,130,131,19,27,22,26,29,19,16,20,17,19,18,16,16,34,24,32,37,37,37,37,25,25,25,43,24,41,10,16,0,19,0,0,0,0,0,4,0,0,0,0,0,0,0,6,6,6,6,6,6,6,0,6,0,6,0]} 1. d4 Nf6 2. c4 e6 3. Nf3 d5 4. g3 Bb4+ 5. Bd2 Bd6 6. Nc3 {E01: Catalan: Early deviations.} O-O 7. Bg5 c6 8. Bg2 {White has an edge.} Nbd7 9. e4 dxe4 {[#]} 10. Nxe4 $1 {[%mdl 512]} Bb4+ (10... Nxe4 11. Bxd8) 11. Nc3 h6 12. Bf4 Qa5 {[#]} 13. Qb3 $146 (13. O-O $14) ({Predecessor:} 13. Qc2 c5 14. O-O cxd4 15. Nb5 a6 16. Bc7 Nb6 17. Nfxd4 Bc5 18. Nb3 Qa4 19. Nd6 {½-½ (129) Livaic,L (2505)-Rudolf,M (2328) Zagreb 2019}) 13... c5 {...cxd4 is the strong threat.} (13... e5 $5 14. Nxe5 Nxe5 15. dxe5 Nd7 $14) 14. a3 Bxc3+ (14... Ne4 $11 {keeps the balance.}) 15. Qxc3 $16 Qxc3+ 16. bxc3 Ne4 17. Ne5 Ndf6 (17... f5 $11 {remains equal.}) 18. Rc1 b6 19. Ng4 {Threatens to win with Nxf6+.} Bb7 ({Better is} 19... Ba6) 20. Nxf6+ gxf6 {[#]} 21. Bxh6 ({White must play} 21. f3 $1 $16 {[%cal Rf3e4]} Ng5 22. Kf2) 21... Rfd8 22. Be3 Rab8 23. Bxe4 Bxe4 24. O-O Bd3 25. Rfd1 Be2 26. Re1 Bxc4 27. dxc5 Rdc8 28. cxb6 axb6 29. f4 b5 30. Bd4 f5 31. Kf2 Ra8 32. Ra1 Kh7 33. h3 Rg8 34. Re5 Bd5 {The position is equal.} 35. Ree1 Rg6 36. Rg1 Rh6 37. h4 Rg6 38. Bc5 Rgg8 39. Rab1 Rgc8 40. Bb4 Rc4 41. Rbd1 Kg6 42. Rd4 Rxd4 43. cxd4 $11 {KRB-KRB} Kh5 44. Rc1 Bc4 45. Kf3 Bd5+ 46. Kf2 Bc4 47. Kf3 Bd5+ 48. Kf2 {Accuracy: White = 84%, Black = 86%.} 1/2-1/2

[Event "FIDE Womens GP Lausanne 2020"]
[Site "Lausanne"]
[Date "2020.03.06"]
[Round "5.3"]
[White "Harika, Dronavalli"]
[Black "Goryachkina, Aleksandra"]
[Result "1/2-1/2"]
[WhiteElo "2518"]
[BlackElo "2579"]
[Annotator "TA"]
[PlyCount "61"]
[EventDate "2020.03.02"]
[EventType "tourn"]
[EventCountry "SUI"]
[SourceTitle "playchess.com"]
[Source "ChessBase"]
[SourceQuality "1"]

{[%evp 10,61,12,0,12,5,6,0,12,0,10,7,16,11,6,5,4,10,4,0,0,-8,17,-11,-1,-9,-6,-12,-4,-32,-33,-33,-23,-23,-23,-27,-23,-27,-23,-31,-14,-25,-25,-25,-25,-25,-25,-47,-47,-47,-25,-25,-25,-25]} 1. d4 d5 2. c4 c6 3. Nf3 Nf6 4. Qc2 dxc4 5. Qxc4 Bg4 6. Nbd2 (6. Nc3 {is interesting.} Nbd7 7. Bf4 Bf5 8. e3 e6 9. Nh4) 6... Nbd7 {D23: Queen's Gambit Accepted: 3 Nf3 Nf6 sidelines.} 7. g3 e6 8. Bg2 Be7 {The position is equal.} 9. O-O O-O 10. Qb3 Qb6 11. Nc4 Qa6 12. Bd2 Nb6 13. Rfc1 Nxc4 14. Rxc4 Qb6 15. Bb4 {[#]} Rfe8 $146 ({Predecessor:} 15... Nd5 16. Bxe7 Qxb3 17. axb3 Nxe7 18. e3 Bxf3 19. Bxf3 a6 20. h4 Nc8 21. h5 Nd6 {½-½ (44) Eljanov,P (2723)-Matlakov,M (2689) Dubai 2014}) 16. e3 Nd5 {[%cal Rd5b4]} 17. Bc5 Qxb3 18. axb3 Bxc5 19. Rxc5 (19. dxc5 $5 {[%cal Rc4g4]} Bxf3 20. Bxf3 $11) 19... Bxf3 20. Bxf3 Kf8 21. Kf1 a6 22. Ke2 Rad8 23. Rd1 Nb6 24. Bg2 Rd6 25. f4 f5 26. Bf3 Nd7 27. Rcc1 Nf6 28. Rc5 Kf7 29. h3 g6 30. g4 Rh8 31. Ra5 {Accuracy: White = 90%, Black = 96%.} 1/2-1/2

[Event "FIDE Womens GP Lausanne 2020"]
[Site "Lausanne"]
[Date "2020.03.06"]
[Round "5.4"]
[White "Muzychuk, Anna"]
[Black "Dzagnidze, Nana"]
[Result "0-1"]
[WhiteElo "2539"]
[BlackElo "2515"]
[Annotator "TA"]
[PlyCount "88"]
[EventDate "2020.03.02"]
[EventType "tourn"]
[EventCountry "SUI"]
[SourceTitle "playchess.com"]
[Source "ChessBase"]
[SourceQuality "1"]

{[%evp 10,88,18,26,38,24,16,30,21,13,23,28,43,35,114,112,109,102,107,114,100,107,119,128,115,129,118,118,135,132,135,125,107,97,82,62,69,0,2,0,214,221,237,229,236,227,215,0,0,-103,-104,-98,0,-115,-104,-103,-70,-215,-204,-249,-242,-354,-364,-347,-352,-313,0,0,0,-470,-472,-441,-457,-606,-606,-479,-479,-1484,-1482,-1113,-1000]} 1. e4 c5 2. Nc3 Nc6 3. Nf3 e5 4. Bc4 d6 5. d3 Be7 6. O-O h6 {B30: Sicilian: 2...Nc6 3 Bb5, lines without ...g6.} 7. Ne1 Nf6 8. f4 exf4 {White has an edge.} 9. Bxf4 O-O 10. Nf3 Na5 11. Bd5 $36 {[%mdl 2048] White is pushing.} Nxd5 (11... Nc6 $14) 12. Nxd5 $16 (12. exd5 $6 f5 $14) 12... Nc6 {[#]} 13. Qe1 $146 ({Predecessor:} 13. d4 Bg4 14. Nxe7+ Qxe7 15. dxc5 Qxe4 16. Bxd6 Rfe8 17. Qd3 Qxd3 18. cxd3 Re3 19. Rad1 {½-½ (38) Whatley,S (2127)-Gluhovsky,M (2263) Caleta 2017}) 13... Bg5 14. Bxg5 $1 hxg5 15. Qg3 f6 16. h4 {[%cal Rh4g5]} g4 17. Nh2 $1 Ne5 18. Ne3 Qb6 19. b3 ({But not} 19. Nhxg4 $6 Nxg4 20. Nxg4 Qxb2 $14) 19... Qb4 20. Nd5 {[%cal Be3d5,Bd5f4,Bf4h5][%mdl 32]} Qd4+ 21. Kh1 Be6 22. Nf4 Bd7 23. Qe1 (23. Rad1 $14) 23... Qb2 24. Qd2 f5 $2 (24... Rf7 $11 {and Black is okay.}) 25. Rab1 $1 $18 {[%cal Rb1b2]} Qa3 ({Much worse is} 25... Qxa2 26. Ra1 $18) 26. Nh5 $1 Qxa2 {[#]} 27. Qg5 $1 {[%csl Gh5][%cal Rg5g7][%mdl 512]} Rf7 28. exf5 $2 (28. Rbc1 $1 $18) 28... Qxc2 $11 {Strongly threatening ...Bc6!} 29. Nxg4 (29. Rbc1 $11 Qb2 30. f6) 29... Nxg4 $17 30. Qxg4 Bxf5 (30... Qxd3 $6 31. Rbd1 $11) (30... Raf8 $17 {[%cal Rd7f5]} 31. Ng3 Qxd3) 31. Qg5 {[#]} (31. Rxf5 $11 Qxb1+ 32. Kh2) 31... Raf8 $1 ({Of course not} 31... Bxd3 $6 32. Rxf7 Qxb1+ 33. Kh2 $11) 32. Rbe1 {White wants to play Rxf5!} Qxd3 33. Rf3 (33. Kh2 $1 $15) 33... Qd4 $19 34. Rf4 {[#]} Qc3 $1 {[%cal Rc3e1]} 35. Ref1 (35. Re2 $142) 35... Qe5 36. R1f3 b5 {[%cal Bb7b5,Bb5c4,Bc4c3][%mdl 32]} 37. Rg3 Qe1+ $2 ({Black should play} 37... a5 $19 {Hoping for ...Bb1.} 38. Kh2 Kh8) 38. Kh2 $11 {White threatens Nf6+! and mate.} Qe5 {...Kh7 is the strong threat.} 39. Qh6 $2 {[%mdl 8192] [#]} (39. Kh1 $1 $11 {and White has nothing to worry.}) 39... c4 $1 $19 {Black is clearly winning.} 40. bxc4 bxc4 41. Nxg7 Rxg7 42. Rxg7+ Qxg7 43. Qxd6 (43. Qxg7+ $142 Kxg7 44. Rxc4) 43... c3 44. Qd5+ Qf7 {Quite a comeback for Black. Accuracy: White = 66%, Black = 86%.} 0-1

[Event "FIDE Womens GP Lausanne 2020"]
[Site "Lausanne"]
[Date "2020.03.06"]
[Round "5.5"]
[White "Muzychuk, Mariya"]
[Black "Ju, Wenjun"]
[Result "1/2-1/2"]
[WhiteElo "2552"]
[BlackElo "2583"]
[Annotator "TA"]
[PlyCount "161"]
[EventDate "2020.03.02"]
[EventType "tourn"]
[EventCountry "SUI"]
[SourceTitle "playchess.com"]
[Source "ChessBase"]
[SourceQuality "1"]

{[%evp 25,161,33,47,46,55,63,66,66,75,72,79,72,89,69,99,0,9,0,59,56,36,78,50,33,25,2,71,5,23,0,291,299,291,291,291,283,569,562,556,555,593,471,383,224,224,224,271,151,151,151,151,151,151,142,143,144,140,138,196,189,198,191,227,188,214,187,239,233,238,238,345,347,487,484,481,468,464,447,458,450,423,418,377,368,377,373,631,377,377,377,350,341,321,289,289,213,631,631,631,631,622,0,0,0,0,0,0,0,0,0,0,0,0,0,0,0,0,0,0,0,0,0,0,0,0,0,0,0,0,0,0,0,0,0,0,0,0,0]} 1. e4 c5 2. Nf3 Nc6 3. d4 cxd4 4. Nxd4 Nf6 5. Nc3 e5 6. Ndb5 d6 7. Bg5 a6 8. Na3 b5 9. Bxf6 gxf6 10. Nd5 f5 11. g3 Bg7 12. exf5 Bxf5 13. Bg2 Rc8 14. c3 {B33: Sicilian: Pelikan and Sveshnikov Variations.} O-O 15. Nc2 Be6 16. a4 {White is slightly better.} bxa4 17. Rxa4 a5 18. Nce3 f5 19. O-O Rb8 {[#]} 20. Nc4 $146 (20. Qe2 $16) ({Predecessor:} 20. Qe2 Kh8 21. Rfa1 e4 22. f3 exf3 23. Bxf3 Ne5 24. Bg2 Bxd5 25. Nxd5 {0-1 (33) Vogt,T (2376)-Erlbeck,P (2045) Bayern 1998}) 20... Rb5 $11 21. Qd2 Rc5 (21... Qb8 $11) 22. Rd1 e4 23. Nf4 Bf7 24. Nxd6 Bb3 {[%mdl 64] Double Attack} 25. Raa1 $36 {[%mdl 2048] White wants to play Qe3. White is pushing.} Qb6 (25... Be5 $11) 26. Qe3 (26. Nh5 $1 $16) 26... Bxd1 27. Rxd1 Qb3 $2 {[%mdl 8192]} (27... Ne5 $1 $11 {and Black stays safe.}) 28. Rd2 $18 Re5 29. Bf1 Kh8 30. Bc4 Qa4 $2 (30... Qb8 31. Nf7+ Rxf7) 31. Nf7+ Rxf7 32. Bxf7 Bh6 33. Rd6 Bf8 34. Rd7 (34. Ne2 $142 {Qg5! is the strong threat.} Re7 35. Bd5 {[%mdl 64] Remove Defender}) 34... Re7 35. Rxe7 $1 Bxe7 36. Ng6+ (36. b3 $18 Qa1+ 37. Kg2) 36... Kg7 $16 37. Nxe7 Nxe7 38. Bh5 $1 Qa1+ 39. Kg2 {Strongly threatening Qa7!} Qxb2 40. Qc5 Qb7 41. Qxa5 Qc6 (41... Kh6 $16) 42. Qa7 $18 Qf6 43. Be2 Kg6 44. Qc5 Nc6 45. c4 Kg7 (45... Nd4 {was called for.}) 46. Qe3 Kg6 47. h4 h6 (47... Nd4 {is a better defense.} 48. Bd1 h6) 48. Qb6 Nd4 {[#]} (48... Ne7 {keeps fighting.} 49. c5 Kf7 50. Bc4+ Kg6) 49. Bh5+ $1 {[%mdl 512]} Kg7 (49... Kxh5 50. Qxf6) 50. Qb7+ Kf8 51. c5 Nc6 52. Qc8+ Kg7 53. Qd7+ Kf8 54. Qe8+ Kg7 55. Bd1 Nd4 $2 (55... Qd8 56. Qxc6 Qxd1 57. Qc7+ Kg6) 56. Ba4 Qe6 57. Qxe6 Nxe6 {[%mdl 4096] Endgame [#] KB-KN} 58. c6 $1 Kf6 59. Bb3 {Threatens to win with Bxe6.} Nc7 {[#]} 60. g4 $1 {[%mdl 512]} f4 $2 (60... fxg4 61. Kg3 e3 62. fxe3 h5) 61. Bc2 Ke5 62. h5 Ne6 {[#]} 63. Bxe4 $2 (63. g5 $1 $18 {[%mdl 512]}) 63... Kxe4 {[#] KN-KP. The position is equal.} 64. g5 $1 {[%cal Rg5h6][%mdl 512]} Ke5 ({Don't blunder} 64... hxg5 $2 65. h6 $18) (64... Nxg5 65. c7) 65. gxh6 Kf6 66. Kh3 Kf7 67. Kg4 Kg8 68. Kf5 Nd4+ {[%mdl 64] Double Attack} 69. Kxf4 Nxc6 $11 {KN-K3P} 70. Kg5 Nd4 71. Kg6 Nf3 72. h7+ Kh8 73. Kh6 Nd4 74. f4 Nf5+ 75. Kg6 Ne7+ 76. Kf7 Nd5 77. f5 Kxh7 78. Ke6 Nf4+ 79. Ke7 Nxh5 80. f6 Nxf6 81. Kxf6 {White really could win this. Accuracy: White = 80%, Black = 63%.} 1/2-1/2

[Event "FIDE Womens GP Lausanne 2020"]
[Site "Lausanne"]
[Date "2020.03.06"]
[Round "5.6"]
[White "Cramling, Pia"]
[Black "Sebag, Marie"]
[Result "1/2-1/2"]
[WhiteElo "2470"]
[BlackElo "2443"]
[Annotator "TA"]
[PlyCount "77"]
[EventDate "2020.03.02"]
[EventType "tourn"]
[EventCountry "SUI"]
[SourceTitle "playchess.com"]
[Source "ChessBase"]
[SourceQuality "1"]

{[%evp 11,77,25,33,2,32,29,28,23,26,13,8,7,18,0,0,0,19,0,0,-1,20,20,18,18,16,15,28,24,25,0,0,0,10,0,12,7,16,0,10,8,6,0,0,0,0,0,0,0,0,0,0,0,0,0,0,0,0,0,0,-43,0,0,0,0,0,0,0,0]} 1. d4 d5 2. Nf3 Nf6 3. c4 c6 4. e3 Bf5 5. Nc3 e6 6. Nh4 Bg6 {6...Be4 is the fancy move. Played by Xiangzhi Bu in December 2019.} 7. Be2 {D12: Slav Defence: 3 Nf3 Nf6 4 e3 Bf5.} Nbd7 8. g3 Bd6 9. O-O {White has an edge.} dxc4 10. Nxg6 hxg6 11. Bxc4 Qe7 (11... Nb6 12. Be2 e5 13. dxe5 Bxe5 14. Qxd8+ Rxd8 15. Rd1 Ke7 16. Bd2 g5 17. e4 g4 18. Bg5 Ke6 19. Bxg4+ Nxg4 20. Rxd8 Rxd8 21. Bxd8 {1-0 (34) Cramling,P (2462)-Sebag,M (2445) Douglas 2019}) 12. Re1 e5 13. Bf1 O-O {[#]} 14. dxe5 $146 ({Predecessor:} 14. Bg2 Rfe8 15. Bd2 Nb6 16. dxe5 Bxe5 17. Qe2 Rad8 18. Red1 g5 19. Be1 Qe6 20. Qc2 {1-0 (109) Balog,I (2539)-Murariu,A (2499) Arad 2011}) 14... Bxe5 15. Bd2 Bxc3 16. Bxc3 Ne4 17. Qc2 Nxc3 18. Qxc3 Rfd8 19. Rad1 Nf6 20. Rxd8+ Rxd8 21. e4 Nh7 ({Not} 21... Nxe4 $2 22. Qc4 $18) 22. Bc4 Ng5 23. h4 Ne6 24. e5 (24. a3 {keeps more tension.} Nd4 25. Kg2 a5 26. Bd5 Qf6 27. e5) 24... b5 25. Bxe6 Qxe6 $11 {[%mdl 4096] Endgame KQR-KQR} 26. a3 Rd5 27. b4 Qd7 28. Rc1 Rd1+ 29. Rxd1 Qxd1+ {KQ-KQ} 30. Kg2 Qd5+ 31. Qf3 {next Qxd5 is good for White.} Qc4 32. Qe3 Qd5+ 33. Kh2 a6 34. Qb6 Qf3 35. Qb8+ Kh7 {And now ...c5 would win.} 36. Qa7 {The position is equal.} Kg8 37. Qb8+ Kh7 38. Qa7 Kg8 39. Qb8+ {An uneventful encounter. Accuracy: White = 93%, Black = 96%.} 1/2-1/2

[Event "FIDE Womens GP Lausanne 2020"]
[Site "Lausanne"]
[Date "2020.03.07"]
[Round "6.1"]
[White "Kashlinskaya, Alina"]
[Black "Sebag, Marie"]
[Result "1-0"]
[WhiteElo "2484"]
[BlackElo "2443"]
[Annotator "TA"]
[PlyCount "59"]
[EventDate "2020.03.02"]
[EventType "tourn"]
[EventCountry "SUI"]
[SourceTitle "playchess.com"]
[Source "ChessBase"]
[SourceQuality "1"]

{[%evp 9,59,0,0,0,0,0,0,0,0,0,16,7,4,-14,19,0,0,0,29,18,37,27,50,35,101,72,178,185,184,180,186,159,189,154,300,301,304,298,304,303,516,517,768,739,950,905,914,915,891,891,1930,1734]} 1. e4 c5 2. Nc3 Nc6 3. Bb5 Nd4 4. Bc4 a6 5. a4 e6 6. Nge2 {B23: Closed Sicilian: Lines without g3.} Nf6 7. O-O d5 8. exd5 {The position is equal.} exd5 9. Ba2 Nc6 10. d3 {[#]} Nb4 $146 ({Predecessor:} 10... d4 11. Ne4 Be7 12. Nf4 O-O 13. Bd2 Bf5 14. Re1 Qd7 15. Qf3 Rae8 {½-½ (15) Calistri,T (2382)-Roser,K (2436) Issy les Moulineaux 2009}) 11. Bb3 Be7 12. Bg5 O-O 13. Nf4 d4 14. Bxf6 Bxf6 15. Ne4 Be5 16. Nh5 Qh4 (16... Bf5 $14) 17. f4 $1 $16 {[%cal Rf4e5]} Bc7 {[#]} (17... Bg4 $16 {is a better defense.} 18. Qd2 Bc7) 18. g3 $1 $18 {[%cal Rg3h4]} (18. Nxc5 $2 Bg4 $17) 18... Qh3 {[#]} 19. f5 $1 {And now Ng5 would win.} h6 20. Nf4 $36 {[%mdl 2048] Black is under strong pressure.} ({Don't play} 20. Nxc5 Bxf5 21. Nf4 (21. Nxb7 Bg4 $19) 21... Bxf4 $16) 20... Qxf5 {[#]} 21. Ne6 $1 {[%cal Re6f8][%mdl 576] Discovered Attack} fxe6 (21... Bxe6 $16 22. Rxf5 Bxf5 23. Nxc5 Rae8 24. Nxb7 Re5) 22. Rxf5 Rxf5 23. Qg4 {Qxf5 is the strong threat.} Nd5 24. Nxc5 Ne3 $2 (24... Rg5 25. Qh4 (25. Qxd4 Bb6 $18) (25. Nxe6 Rxg4 26. Nxc7 Rb8 $11) 25... b6) 25. Qxd4 {White is clearly winning.} Nxc2 26. Bxc2 Bb6 27. b4 a5 28. Qd6 Ra6 29. Qb8 Rf8 30. Rf1 {Accuracy: White = 100%, Black = 54%.} 1-0